[Event "SWE-chT 2324 Elite"]
[Site "Sweden"]
[Date "2023.10.14"]
[Round "2.4"]
[White "Eksmyr, Johan"]
[Black "Lindgren, Philip"]
[Result "0-1"]
[WhiteElo "2088"]
[BlackElo "2380"]
[PlyCount "36"]
[EventDate "2023.10.13"]
[EventType "team-tourn"]
[EventRounds "9"]
[EventCountry "SWE"]
[SourceTitle "Mega2024 Update 01"]
[Source "Chessbase"]
[SourceDate "2023.11.12"]
[SourceVersion "1"]
[SourceVersionDate "2023.11.12"]
[SourceQuality "1"]
[WhiteTeam "Orgryte"]
[BlackTeam "Limhamn"]
[WhiteTeamCountry "SWE"]
[BlackTeamCountry "SWE"]

1. d4 Nf6 2. Bg5 d5 3. e3 Nbd7 4. c4 e6 5. cxd5 exd5 6. Nc3 Be7 7. Bd3 Nf8 8. Nge2 Ne6 9. Bh4 0-0 10. Qc2 g6 11. f3 c5 12. dxc5 Bxc5 13. Nxd5 Qxd5 14. Bxf6 Bxe3 15. Qc4 Qa5+ 16. Bc3 Qg5 17. g3 Nc5 18. Nd4 b5 0-1

[Event "SWE-chT 1718 Superettan"]
[Site "Sweden"]
[Date "2018.03.18"]
[Round "9.2"]
[White "Eksmyr, Johan"]
[Black "Akesson, Ralf"]
[Result "1/2-1/2"]
[WhiteElo "2210"]
[BlackElo "2456"]
[PlyCount "85"]
[EventDate "2017.10.20"]
[EventType "team-tourn"]
[EventRounds "9"]
[EventCountry "SWE"]
[SourceTitle "EXT 2019"]
[Source "ChessBase"]
[SourceDate "2018.10.10"]
[SourceVersion "1"]
[SourceVersionDate "2018.10.10"]
[SourceQuality "1"]
[WhiteTeam "Orgryte"]
[BlackTeam "Vasteras"]
[WhiteTeamCountry "SWE"]
[BlackTeamCountry "SWE"]

1. d4 Nf6 2. Nf3 e6 3. Bf4 b6 4. e3 Bb7 5. Nbd2 Nh5 6. Bg5 Be7 7. Bxe7 Qxe7 8. Ne5 Nf6 9. Be2 d6 10. Bf3 c6 11. Ng4 Nxg4 12. Bxg4 0-0 13. 0-0 Nd7 14. Be2 c5 15. Bf3 d5 16. e4 dxe4 17. Bxe4 Rab8 18. Re1 cxd4 19. Bxb7 Rxb7 20. Nf3 Nf6 21. Nxd4 Qb4 22. Nb3 a5 23. Qe2 Rc7 24. c3 Qh4 25. Rad1 Qa4 26. Rd4 Qc6 27. a4 Rd7 28. Red1 Rxd4 29. Rxd4 e5 30. Rc4 Qe6 31. Nd2 Rd8 32. h3 h6 33. Nf1 Nd5 34. Qe4 f5 35. Qe2 Rd6 36. g3 Nf6 37. Kh2 Ne4 38. Rc7 Ng5 39. Qc4 Nf3+ 40. Kg2 Ne1+ 41. Kg1 Nf3+ 42. Kg2 Ne1+ 43. Kh1 1/2-1/2

[Event "SWE-chT 1718 Superettan"]
[Site "Sweden"]
[Date "2018.02.04"]
[Round "6.2"]
[White "Eksmyr, Johan"]
[Black "Lindberg, Bengt"]
[Result "0-1"]
[WhiteElo "2210"]
[BlackElo "2386"]
[PlyCount "106"]
[EventDate "2017.10.20"]
[EventType "team-tourn"]
[EventRounds "9"]
[EventCountry "SWE"]
[SourceTitle "EXT 2019"]
[Source "ChessBase"]
[SourceDate "2018.10.10"]
[SourceVersion "1"]
[SourceVersionDate "2018.10.10"]
[SourceQuality "1"]
[WhiteTeam "Orgryte"]
[BlackTeam "Vaxjo"]
[WhiteTeamCountry "SWE"]
[BlackTeamCountry "SWE"]

1. d4 Nf6 2. Nf3 e6 3. Bg5 h6 4. Bxf6 Qxf6 5. e4 d6 6. Bb5+ c6 7. Bd3 Nd7 8. Qe2 g5 9. c3 e5 10. h3 h5 11. dxe5 dxe5 12. h4 gxh4 13. Nxh4 Nc5 14. Bc2 Bg4 15. f3 Be6 16. b4 Nd7 17. Bb3 a5 18. Bxe6 Qxe6 19. Nf5 axb4 20. Qb2 Nc5 21. 0-0 Nd3 22. Qc2 b3 23. axb3 Rxa1 24. Qxd3 Bc5+ 25. Kh2 0-0 26. Rd1 Kh7 27. b4 Bb6 28. Qc2 Ra2 29. Qc1 Qg6 30. Rd2 Qg5 31. Qe1 Rxd2 32. Nxd2 Rg8 33. Qe2 h4 34. Nc4 Ba7 35. Qd2 Qxd2 36. Nxd2 Bf2 37. Nc4 f6 38. Na5 Rb8 39. Nd6 Be1 40. Ndxb7 Bxc3 41. Nc5 Rxb4 42. Ne6 c5 43. Nc7 Bd4 44. Nd5 Ra4 45. Nc6 Ra6 46. Nce7 c4 47. Nb4 Ra7 48. Ned5 Kg6 49. f4 Ra1 50. Kh3 exf4 51. Nxf4+ Kh6 52. Nbd5 Be5 53. Ne2 Re1 0-1

[Event "SWE Cup"]
[Site "Sweden"]
[Date "2017.03.24"]
[Round "7.4"]
[White "Thorn, Eric"]
[Black "Eksmyr, Johan"]
[Result "1/2-1/2"]
[WhiteElo "2331"]
[BlackElo "2193"]
[PlyCount "93"]
[EventDate "2017.01.14"]
[EventType "team-tourn"]
[EventRounds "9"]
[EventCountry "SWE"]
[SourceTitle "EXT 2018"]
[Source "ChessBase"]
[SourceDate "2017.10.13"]
[SourceVersion "1"]
[SourceVersionDate "2017.10.13"]
[SourceQuality "1"]
[WhiteTeam "Stockholm CC"]
[BlackTeam "Orgryte"]
[WhiteTeamCountry "SWE"]
[BlackTeamCountry "SWE"]

1. Nf3 Nf6 2. c4 g6 3. Nc3 d5 4. cxd5 Nxd5 5. Qa4+ Bd7 6. Qh4 Nf6 7. e4 Bg7 8. d4 c5 9. d5 e6 10. Be2 exd5 11. exd5 0-0 12. 0-0 b5 13. Bg5 Qb6 14. Ne5 b4 15. Nc4 Qa6 16. Ne3 Qb6 17. d6 bxc3 18. Bxf6 cxb2 19. Rab1 Qxd6 20. Bxg7 Kxg7 21. Rfd1 Qe5 22. Rd2 Be6 23. Bf3 Nc6 24. Bxc6 Rab8 25. Bd5 Rfd8 26. Qc4 Bf5 27. Nxf5+ Qxf5 28. Be4 Qe5 29. Rxd8 Rxd8 30. Qc2 c4 31. Rxb2 c3 32. Rb1 Rd2 33. Qc1 Qd4 34. Qe1 Rxa2 35. Bf3 Rb2 36. Rd1 Rd2 37. g3 a5 38. Ra1 c2 39. Kg2 a4 40. Rxa4 Rxf2+ 41. Qxf2 Qxa4 42. Qc5 Qa2 43. Qe5+ Kg8 44. Qe8+ Kg7 45. Qe5+ Kg8 46. Qe8+ Kg7 47. Qe5+ 1/2-1/2

[Event "SWE-chT2 1617"]
[Site "Sweden"]
[Date "2016.10.16"]
[Round "3.1"]
[White "Eriksson, Anders"]
[Black "Eksmyr, Johan"]
[Result "1-0"]
[WhiteElo "2265"]
[BlackElo "2193"]
[PlyCount "123"]
[EventDate "2016.10.14"]
[EventType "team-tourn"]
[EventRounds "9"]
[EventCountry "SWE"]
[SourceTitle "EXT 2017"]
[Source "ChessBase"]
[SourceDate "2016.10.25"]
[SourceVersion "1"]
[SourceVersionDate "2016.10.25"]
[SourceQuality "1"]
[WhiteTeam "Vasteras"]
[BlackTeam "Orgryte"]
[WhiteTeamCountry "SWE"]
[BlackTeamCountry "SWE"]

1. Nf3 Nf6 2. g3 g6 3. Bg2 Bg7 4. 0-0 d5 5. d4 c6 6. c4 dxc4 7. Qc2 b5 8. Nbd2 0-0 9. b3 Bf5 10. e4 c3 11. exf5 cxd2 12. Bxd2 Nd5 13. a4 Qd7 14. fxg6 hxg6 15. Ne5 Qd6 16. Rfe1 Rd8 17. Ba5 Re8 18. Rac1 bxa4 19. bxa4 e6 20. Qc5 Qxc5 21. Rxc5 Re7 22. f4 Rb7 23. Rec1 Bf8 24. R5c4 Ne3 25. R4c3 Nxg2 26. Kxg2 Nd7 27. Rxc6 Nxe5 28. dxe5 Rab8 29. Rc8 Rxc8 30. Rxc8 Kg7 31. Bd8 Be7 32. Bxe7 Rxe7 33. Kf3 Rb7 34. Ra8 Rc7 35. a5 Rd7 36. h4 Rc7 37. a6 f6 38. Rb8 Rc3+ 39. Kg4 fxe5 40. fxe5 Kh6 41. Rh8+ Kg7 42. Re8 Rc6 43. Re7+ Kh6 44. Rxa7 Rc4+ 45. Kf3 Ra4 46. Ra8 Ra3+ 47. Kg4 Ra4+ 48. Kh3 g5 49. a7 g4+ 50. Kg2 Ra2+ 51. Kf1 Kg7 52. Ke1 Kh7 53. Kd1 Kg7 54. Kc1 Kh7 55. Kb1 Ra6 56. Kb2 Kg7 57. Kb3 Ra1 58. Kb4 Ra2 59. Kb5 Ra1 60. Kb6 Rb1+ 61. Kc6 Ra1 62. Rd8 1-0

[Event "SWE-chT2 1617"]
[Site "Sweden"]
[Date "2016.10.15"]
[Round "2.5"]
[White "Eksmyr, Johan"]
[Black "Nygren, Kim"]
[Result "0-1"]
[WhiteElo "2193"]
[BlackElo "2202"]
[PlyCount "72"]
[EventDate "2016.10.14"]
[EventType "team-tourn"]
[EventRounds "9"]
[EventCountry "SWE"]
[SourceTitle "EXT 2017"]
[Source "ChessBase"]
[SourceDate "2016.10.25"]
[SourceVersion "1"]
[SourceVersionDate "2016.10.25"]
[SourceQuality "1"]
[WhiteTeam "Orgryte"]
[BlackTeam "Burgsvik Alva"]
[WhiteTeamCountry "SWE"]
[BlackTeamCountry "SWE"]

1. d4 Nf6 2. Bf4 g6 3. Nf3 Bg7 4. e3 0-0 5. Be2 d6 6. h3 Nbd7 7. 0-0 b6 8. a4 c5 9. c3 Bb7 10. Nbd2 Rc8 11. Bh2 Re8 12. Re1 Ne4 13. Nxe4 Bxe4 14. Ng5 Bb7 15. Qb3 e6 16. f4 Nf6 17. Bb5 Re7 18. Bd3 Qc7 19. Qc2 h6 20. Ne4 Nxe4 21. Bxe4 cxd4 22. exd4 Bxd4+ 23. Kh1 Bg7 24. Rad1 Bxe4 25. Qxe4 Rd7 26. Rd2 d5 27. Qf3 Qc6 28. Bg1 Qxa4 29. g4 Rc4 30. Rf1 Qc6 31. f5 e5 32. f6 Rf4 33. Qxf4 exf4 34. fxg7 d4+ 35. Kh2 dxc3 36. Rxd7 Qxd7 0-1

[Event "SWE-chT 1516 Superettan"]
[Site "Sweden"]
[Date "2015.11.08"]
[Round "3"]
[White "Svensson, Mans"]
[Black "Eksmyr, Johan"]
[Result "0-1"]
[WhiteElo "2148"]
[BlackElo "2156"]
[PlyCount "160"]
[EventDate "2015.11.06"]
[EventType "team-tourn"]
[EventRounds "9"]
[EventCountry "SWE"]
[SourceTitle "EXT 2018"]
[Source "ChessBase"]
[SourceDate "2017.10.13"]
[SourceVersion "1"]
[SourceVersionDate "2017.10.13"]
[SourceQuality "1"]
[WhiteTeam "Upsala"]
[BlackTeam "Orgryte"]
[WhiteTeamCountry "SWE"]
[BlackTeamCountry "SWE"]

1. d4 Nf6 2. Bg5 e6 3. Nd2 h6 4. Bh4 d5 5. e3 c5 6. c3 Nc6 7. Ngf3 Be7 8. Be2 0-0 9. 0-0 cxd4 10. exd4 g5 11. Bg3 Nh5 12. Ne1 Nf4 13. Bxf4 gxf4 14. Nd3 Bd6 15. g3 Kh8 16. Nf3 Qf6 17. Qd2 Rg8 18. Kh1 Ne7 19. Nfe5 Ng6 20. gxf4 b6 21. f5 Nf8 22. Qf4 Bb8 23. Rg1 exf5 24. Rxg8+ Kxg8 25. Rg1+ Kh7 26. Qe3 Ng6 27. f4 Be6 28. Bh5 Ne7 29. Qh3 Bd6 30. Nf3 Rg8 31. Rg3 Rg7 32. Nfe5 Ng6 33. Bf3 Ne7 34. Qg2 Rxg3 35. Qxg3 Ng8 36. Qg2 Ne7 37. Qg3 Ng6 38. Bh5 Ne7 39. Bf3 Qg7 40. Bh5 Ng8 41. Qxg7+ Kxg7 42. Bd1 Nf6 43. Kg1 Ne4 44. Ba4 f6 45. Nf3 Kf7 46. Kf1 Ke7 47. Ke2 Bb8 48. Ke3 Nd6 49. Bc6 Nc4+ 50. Ke2 Bf7 51. Nh4 Bh5+ 52. Ke1 Ke6 53. Bb7 Bg4 54. Bc8+ Kf7 55. Bxf5 Bh5 56. Bh3 Nd6 57. Bg2 Ne4 58. Nf5 Bg6 59. Nxh6+ Kg7 60. Ng4 Nxc3 61. bxc3 Bxd3 62. Bxd5 Bxf4 63. Nf2 Ba6 64. h3 Bg3 65. c4 b5 66. c5 b4 67. Bb3 Bb5 68. d5 a5 69. d6 a4 70. Bc2 Kf7 71. c6 Bxc6 72. Ke2 Bxf2 73. Kxf2 Bd5 74. Bb1 a3 75. h4 b3 76. axb3 Bxb3 77. h5 a2 78. Bxa2 Bxa2 79. Kg3 Ke6 80. Kf4 Bb1 0-1

[Event "SWE-chT 1516 Superettan"]
[Site "Sweden"]
[Date "2015.11.07"]
[Round "2"]
[White "Alarik, Martin"]
[Black "Eksmyr, Johan"]
[Result "0-1"]
[WhiteElo "2021"]
[BlackElo "2156"]
[PlyCount "100"]
[EventDate "2015.11.06"]
[EventType "team-tourn"]
[EventRounds "9"]
[EventCountry "SWE"]
[SourceTitle "EXT 2018"]
[Source "ChessBase"]
[SourceDate "2017.10.13"]
[SourceVersion "1"]
[SourceVersionDate "2017.10.13"]
[SourceQuality "1"]
[WhiteTeam "Stockholm Rockaden II"]
[BlackTeam "Orgryte"]
[WhiteTeamCountry "SWE"]
[BlackTeamCountry "SWE"]

1. d4 Nf6 2. Nf3 g6 3. g3 Bg7 4. Bg2 0-0 5. 0-0 d5 6. c4 c6 7. Nc3 dxc4 8. Ne5 Ng4 9. Nxg4 Bxg4 10. h3 Be6 11. Be3 Nd7 12. Qd2 Re8 13. Bh6 Bh8 14. e4 b5 15. g4 Nb6 16. Rad1 Rc8 17. f4 f6 18. f5 Bf7 19. fxg6 hxg6 20. Qf2 b4 21. Ne2 Qc7 22. Bf4 e5 23. dxe5 fxe5 24. Be3 c5 25. h4 Na4 26. Ng3 Be6 27. Nf5 Rf8 28. Nh6+ Kh7 29. Qc2 b3 30. axb3 cxb3 31. Qe2 c4 32. h5 gxh5 33. Nf5 c3 34. Bc1 cxb2 35. Bxb2 Qb6+ 36. Kh1 Rc2 37. Rd2 Bc4 38. Rd7+ Rf7 39. Qxc4 Rxc4 40. Rxf7+ Kg6 41. Ne7+ Kh6 42. Ng8+ Kg5 43. R1f5+ Kxg4 44. Bf3+ Kg3 45. Rg5+ Kf2 46. Rg2+ Ke3 47. Re2+ Kd3 48. Rd7+ Rd4 49. Bxd4 exd4 50. Ne7 Qe6 0-1

[Event "SWE-chT 1415 Elite"]
[Site "Sweden"]
[Date "2015.03.20"]
[Round "7"]
[White "Henriksson, Johan"]
[Black "Eksmyr, Johan"]
[Result "1-0"]
[WhiteElo "2267"]
[BlackElo "2149"]
[PlyCount "99"]
[EventDate "2014.11.21"]
[EventType "team-tourn"]
[EventRounds "9"]
[EventCountry "SWE"]
[SourceTitle "EXT 2018"]
[Source "ChessBase"]
[SourceDate "2017.10.13"]
[SourceVersion "1"]
[SourceVersionDate "2017.10.13"]
[SourceQuality "1"]
[WhiteTeam "Kungstornet"]
[BlackTeam "Orgryte"]
[WhiteTeamCountry "SWE"]
[BlackTeamCountry "SWE"]

1. d4 Nf6 2. Nf3 g6 3. g3 Bg7 4. Bg2 d5 5. 0-0 c6 6. Nbd2 Be6 7. b3 Ne4 8. Nxe4 dxe4 9. Ng5 Bc8 10. c3 f5 11. f3 h6 12. Nh3 exf3 13. exf3 c5 14. dxc5 Qxd1 15. Rxd1 Bxc3 16. Rb1 Nc6 17. Nf4 Bd4+ 18. Rxd4 Nxd4 19. Bb2 e5 20. Nxg6 Rg8 21. Nxe5 Ne6 22. Re1 f4 23. Ng4 fxg3 24. Nf6+ Kf7 25. Nxg8 gxh2+ 26. Kxh2 Kxg8 27. Bf1 Bd7 28. Bc4 Re8 29. b4 Kf8 30. Be5 Ng5 31. Bd6+ Kg7 32. Rxe8 Bxe8 33. f4 Nf7 34. Be7 a6 35. Kg3 Bc6 36. Be6 Nh8 37. f5 Nf7 38. Kf4 h5 39. Bh4 Kf8 40. Bf6 Ke8 41. Bc4 Nh6 42. Be2 Ng4 43. Bd4 Bd5 44. a4 Kd7 45. Kg5 Bf7 46. Bf3 Kc7 47. Be4 Be8 48. a5 Kc8 49. f6 Nh2 50. Kh6 1-0

[Event "SWE-chT 1415 Elite"]
[Site "Sweden"]
[Date "2014.11.21"]
[Round "1"]
[White "Eksmyr, Johan"]
[Black "Westerberg, Jonathan"]
[Result "0-1"]
[WhiteElo "2149"]
[BlackElo "2411"]
[PlyCount "66"]
[EventDate "2014.11.21"]
[EventType "team-tourn"]
[EventRounds "9"]
[EventCountry "SWE"]
[SourceTitle "EXT 2016"]
[Source "ChessBase"]
[SourceDate "2015.10.08"]
[SourceVersion "1"]
[SourceVersionDate "2015.10.08"]
[SourceQuality "1"]
[WhiteTeam "Orgryte"]
[BlackTeam "Stockholm Viking"]
[WhiteTeamCountry "SWE"]
[BlackTeamCountry "SWE"]

1. d4 d5 2. c4 dxc4 3. Nc3 a6 4. a4 Nc6 5. Nf3 Bg4 6. d5 Bxf3 7. exf3 Na5 8. Bf4 Nf6 9. Rb1 Rc8 10. g3 c6 11. Bh3 Ra8 12. dxc6 Qxd1+ 13. Rxd1 Nxc6 14. Ne4 e6 15. Nd6+ Bxd6 16. Bxd6 Rd8 17. 0-0 Ne7 18. Rfe1 Ned5 19. Ba3 b5 20. axb5 axb5 21. Bc5 Rc8 22. b4 cxb3 23. Bd4 0-0 24. Rb1 Rc4 25. Be5 Nd7 26. Bd6 Re8 27. Rxb3 Rc6 28. Ba3 Rb8 29. Rbb1 b4 30. Bb2 Nc3 31. Ra1 Nc5 32. Ra7 Nd3 33. Bxc3 bxc3 0-1

[Event "SWE-chT2 1112"]
[Site "Sweden"]
[Date "2012.03.09"]
[Round "7"]
[White "Eksmyr, Johan"]
[Black "Burwick, Malte"]
[Result "0-1"]
[WhiteElo "2165"]
[BlackElo "2258"]
[PlyCount "90"]
[EventDate "2011.10.22"]
[EventType "team-tourn"]
[EventRounds "9"]
[EventCountry "SWE"]
[SourceTitle "EXT 2013"]
[Source "ChessBase"]
[SourceDate "2012.11.22"]
[SourceVersion "1"]
[SourceVersionDate "2012.11.22"]
[SourceQuality "1"]
[WhiteTeam "Orgryte"]
[BlackTeam "Upsala"]
[WhiteTeamCountry "SWE"]
[BlackTeamCountry "SWE"]

1. d4 d6 2. Bf4 g6 3. Nf3 Bg7 4. c3 Nd7 5. e4 e5 6. Bg5 Ngf6 7. Qc2 0-0 8. h3 h6 9. Be3 d5 10. exd5 Nxd5 11. Be2 c5 12. 0-0 exd4 13. cxd4 Nxe3 14. fxe3 Qe7 15. Qd2 Re8 16. Kf2 h5 17. Re1 Bh6 18. Bc4 cxd4 19. Qxd4 Nb6 20. Bb5 Rd8 21. Qh4 Qxh4+ 22. Nxh4 a6 23. Bf1 Na4 24. Na3 Nxb2 25. Nc4 Na4 26. Nf3 Bg7 27. Nd4 Rxd4 28. exd4 Bxd4+ 29. Kg3 Bxa1 30. Rxa1 b5 31. Nd6 Be6 32. Kf4 Rd8 33. Ke5 Kf8 34. Rc1 Ke7 35. Rc7+ Rd7 36. Rxd7+ Bxd7 37. Ne4 Bc6 38. g4 hxg4 39. hxg4 Bxe4 40. Kxe4 Nc3+ 41. Kd4 Nxa2 42. g5 Kd6 43. Be2 Nb4 44. Bd1 Nc6+ 45. Ke4 Nd8 0-1

[Event "SWE-chT2 1112"]
[Site "Sweden"]
[Date "2012.02.04"]
[Round "5"]
[White "Eksmyr, Johan"]
[Black "Greiff, Hakan"]
[Result "1-0"]
[WhiteElo "2165"]
[BlackElo "2275"]
[PlyCount "121"]
[EventDate "2011.10.22"]
[EventType "team-tourn"]
[EventRounds "9"]
[EventCountry "SWE"]
[SourceTitle "EXT 2013"]
[Source "ChessBase"]
[SourceDate "2012.11.22"]
[SourceVersion "1"]
[SourceVersionDate "2012.11.22"]
[SourceQuality "1"]
[WhiteTeam "Orgryte"]
[BlackTeam "Rodeby"]
[WhiteTeamCountry "SWE"]
[BlackTeamCountry "SWE"]

1. d4 d5 2. Bg5 Nf6 3. Bxf6 exf6 4. e3 Be6 5. Bd3 f5 6. Qf3 g6 7. h4 Nd7 8. Ne2 Nf6 9. Nd2 Ne4 10. 0-0-0 Qd7 11. Nf4 0-0-0 12. Qe2 Qa4 13. Kb1 a6 14. Rc1 Bd6 15. g3 Kb8 16. c3 Rhe8 17. Nf3 h5 18. Rhf1 Qa5 19. c4 dxc4 20. Bxc4 Bxf4 21. gxf4 Rd6 22. Ne5 Nd2+ 23. Ka1 Nxf1 24. Bxe6 Nd2 25. Bxf7 Re7 26. Qe1 Rxf7 27. Nxf7 Rd5 28. Rc3 Ne4 29. Rc1 Qxe1 30. Rxe1 Nxf2 31. Ne5 Rd6 32. Re2 Ng4 33. Kb1 b6 34. Kc2 Kb7 35. Kd3 c5 36. Kc4 cxd4 37. exd4 Nf6 38. Nxg6 b5+ 39. Kb3 Ne4 40. Ne7 Rxd4 41. Kc2 Ng3 42. Rg2 Nf1 43. Rg7 Kb6 44. Rg6+ Kb7 45. Rg7 Rd2+ 46. Kc3 Kb6 47. Rg6+ Ka7 48. Nxf5 a5 49. a3 Rf2 50. Nd6 Rf3+ 51. Kd4 Rxf4+ 52. Kc5 Ne3 53. Kxb5 a4 54. Rg7+ Kb8 55. Kb6 Nd5+ 56. Kc6 Nf6 57. Rf7 Rf2 58. Rb7+ Ka8 59. Rb4 Rc2+ 60. Nc4 Ng4 61. Kc7 1-0

[Event "SWE-chT2 1112"]
[Site "Sweden"]
[Date "2011.12.03"]
[Round "3"]
[White "Wieweg, Johnny"]
[Black "Eksmyr, Johan"]
[Result "1/2-1/2"]
[WhiteElo "2214"]
[BlackElo "2165"]
[PlyCount "63"]
[EventDate "2011.10.22"]
[EventType "team-tourn"]
[EventRounds "9"]
[EventCountry "SWE"]
[SourceTitle "EXT 2013"]
[Source "ChessBase"]
[SourceDate "2012.11.22"]
[SourceVersion "1"]
[SourceVersionDate "2012.11.22"]
[SourceQuality "1"]
[WhiteTeam "Farsta"]
[BlackTeam "Orgryte"]
[WhiteTeamCountry "SWE"]
[BlackTeamCountry "SWE"]

1. e4 c6 2. d4 d5 3. f3 dxe4 4. fxe4 e5 5. Nf3 Be6 6. dxe5 Qxd1+ 7. Kxd1 Nd7 8. b3 0-0-0 9. Nbd2 Ne7 10. Bb2 Ng6 11. Kc1 Bc5 12. Nc4 b5 13. Nd6+ Kc7 14. a4 a6 15. axb5 axb5 16. Kb1 Ndxe5 17. Nxe5 Bxd6 18. Nxf7 Bxf7 19. Ra7+ Kb6 20. Rxf7 Be5 21. Bd3 Bxb2 22. Kxb2 Ne5 23. Rxg7 Nxd3+ 24. cxd3 Rxd3 25. Rc1 Re8 26. Rxh7 Rxe4 27. Rh6 Rd2+ 28. Kb1 Rxg2 29. Rhxc6+ Ka5 30. R6c2 Rxc2 31. Rxc2 Kb4 32. Ka2 1/2-1/2

[Event "SWE-chT 1011"]
[Site "Sweden"]
[Date "2011.03.13"]
[Round "11"]
[White "Steneskog, Per"]
[Black "Eksmyr, Johan"]
[Result "1/2-1/2"]
[WhiteElo "2183"]
[BlackElo "2179"]
[PlyCount "119"]
[EventDate "2010.10.08"]
[EventType "team-tourn"]
[EventRounds "11"]
[EventCountry "SWE"]
[SourceTitle "EXT 2012"]
[Source "ChessBase"]
[SourceDate "2011.11.24"]
[SourceVersion "1"]
[SourceVersionDate "2011.11.24"]
[SourceQuality "1"]
[WhiteTeam "Solna"]
[BlackTeam "Orgryte"]
[WhiteTeamCountry "SWE"]
[BlackTeamCountry "SWE"]

1. d4 Nf6 2. c4 g6 3. Nc3 d5 4. Nf3 Bg7 5. Bg5 Ne4 6. cxd5 Nxg5 7. Nxg5 e6 8. Nf3 exd5 9. b4 Qd6 10. Qb3 Nc6 11. e3 Qxb4 12. Qxb4 Nxb4 13. Kd2 Bf5 14. Nh4 0-0-0 15. Nxf5 gxf5 16. a3 Nc6 17. g3 f4 18. gxf4 Nxd4 19. exd4 Bxd4 20. Bh3+ Kb8 21. Rhf1 Rhg8 22. Rad1 Bc5 23. a4 Rge8 24. Bf5 c6 25. Kc2 Rd6 26. Rde1 Red8 27. Bd3 Rf6 28. Re5 Rxf4 29. Rf5 Rxf5 30. Bxf5 Rd6 31. f3 Rf6 32. Bg4 Rf4 33. Re1 f5 34. Bh3 Rxf3 35. Bg2 Rf4 36. Kd3 Rd4+ 37. Kc2 Bb4 38. Kb3 Rc4 39. Re8+ Kc7 40. Ne2 Rg4 41. Bh3 Rh4 42. Bxf5 Bd6 43. Rh8 Rxh2 44. Rxh7+ Rxh7 45. Bxh7 Be5 46. Nc3 Bxc3 47. Kxc3 b6 48. Bg6 a6 49. Bf7 b5 50. axb5 axb5 51. Be8 Kb6 52. Kd4 b4 53. Bg6 Kb5 54. Be8 Kb6 55. Bg6 Kc7 56. Kc5 b3 57. Kb4 b2 58. Kc3 c5 59. Kxb2 Kd6 60. Bf7 1/2-1/2

[Event "SWE-chT 1011"]
[Site "Sweden"]
[Date "2011.03.11"]
[Round "9"]
[White "Sandberg, Richard"]
[Black "Eksmyr, Johan"]
[Result "1/2-1/2"]
[WhiteElo "2172"]
[BlackElo "2179"]
[PlyCount "71"]
[EventDate "2010.10.08"]
[EventType "team-tourn"]
[EventRounds "11"]
[EventCountry "SWE"]
[SourceTitle "EXT 2012"]
[Source "ChessBase"]
[SourceDate "2011.11.24"]
[SourceVersion "1"]
[SourceVersionDate "2011.11.24"]
[SourceQuality "1"]
[WhiteTeam "Vasteras"]
[BlackTeam "Orgryte"]
[WhiteTeamCountry "SWE"]
[BlackTeamCountry "SWE"]

1. e4 c6 2. d4 d5 3. Nd2 dxe4 4. Nxe4 Nf6 5. Nxf6+ gxf6 6. Nf3 Bf5 7. c4 e6 8. g3 Na6 9. a3 Qd7 10. Bg2 0-0-0 11. Be3 Be4 12. b4 Nxb4 13. axb4 Bxb4+ 14. Kf1 a5 15. Nh4 Bg6 16. Nxg6 hxg6 17. Qc2 f5 18. d5 c5 19. Bd2 e5 20. Bxb4 axb4 21. Ra5 Qd6 22. Qa4 Kb8 23. Ke2 e4 24. Ra1 Rc8 25. Ra8+ Kc7 26. Qa5+ Qb6 27. d6+ Kc6 28. Qa4+ Kxd6 29. Rd1+ Ke5 30. Rd5+ Kf6 31. Qa1+ Ke7 32. Re5+ Kd6 33. Rd5+ Ke7 34. Re5+ Kd6 35. Rd5+ Ke7 36. Re5+ 1/2-1/2

[Event "SWE-chT 1011"]
[Site "Sweden"]
[Date "2010.10.10"]
[Round "3"]
[White "Svensson, Mans"]
[Black "Eksmyr, Johan"]
[Result "0-1"]
[WhiteElo "2192"]
[BlackElo "2179"]
[PlyCount "56"]
[EventDate "2010.10.08"]
[EventType "team-tourn"]
[EventRounds "11"]
[EventCountry "SWE"]
[SourceTitle "CBM 138 Extra"]
[Source "ChessBase"]
[SourceDate "2010.10.29"]
[SourceVersion "1"]
[SourceVersionDate "2010.10.29"]
[SourceQuality "1"]
[WhiteTeam "Upsala"]
[BlackTeam "Orgryte"]
[WhiteTeamCountry "SWE"]
[BlackTeamCountry "SWE"]

1. d4 Nf6 2. c4 g6 3. f3 d5 4. cxd5 Nxd5 5. e4 Nb6 6. Nc3 Bg7 7. Be3 0-0 8. Qd2 Nc6 9. 0-0-0 a6 10. Kb1 Qd6 11. b3 Rd8 12. Nge2 Qb4 13. Qd3 Na5 14. Qc2 Nbc4 15. Bc1 c5 16. Nf4 cxd4 17. Bxc4 Nxc4 18. Ncd5 Na3+ 19. Bxa3 Qxa3 20. Qc7 Rd7 21. Qc4 Qd6 22. Qb4 e6 23. Qxd6 Rxd6 24. Nb4 a5 25. Nbd3 b6 26. Rc1 Ba6 27. e5 Rd7 28. Rc6 g5 0-1

[Event "SWE-chT2 0910"]
[Site "Sweden"]
[Date "2010.03.12"]
[Round "7"]
[White "Broden, Per"]
[Black "Eksmyr, Johan"]
[Result "1/2-1/2"]
[WhiteElo "1949"]
[BlackElo "2167"]
[PlyCount "132"]
[EventDate "2009.10.24"]
[EventType "team"]
[EventRounds "9"]
[EventCountry "SWE"]
[SourceTitle "EXT 2011"]
[Source "ChessBase"]
[SourceDate "2010.11.26"]
[SourceVersion "1"]
[SourceVersionDate "2010.11.26"]
[SourceQuality "1"]
[WhiteTeam "Sodra"]
[BlackTeam "Orgryte"]
[WhiteTeamCountry "SWE"]
[BlackTeamCountry "SWE"]

1. e4 c6 2. d4 d5 3. Nc3 dxe4 4. Nxe4 Nf6 5. Ng5 Bg4 6. Qd3 e6 7. Be3 Na6 8. c3 Be7 9. f3 Bf5 10. Ne4 Kf8 11. Bg5 Nxe4 12. Bxe7+ Qxe7 13. fxe4 Qh4+ 14. Ke2 Bxe4 15. Qe3 Qh5+ 16. Ke1 Qd5 17. Nh3 Bf5 18. Nf4 Qa5 19. Be2 Nc7 20. Rf1 Nd5 21. Qf3 Qc7 22. Nh3 Qxh2 23. g4 Bg6 24. Rf2 Qd6 25. Kf1 Nf6 26. Nf4 Be4 27. Qe3 h6 28. Qh3 Nd5 29. Nh5 Bg6 30. Qf3 Bxh5 31. gxh5 Nf6 32. Re1 Rd8 33. Qg2 Nh7 34. Bd3 Ng5 35. Re5 f6 36. Re3 Qd5 37. Qg4 Re8 38. c4 Qd6 39. Bg6 Rd8 40. d5 cxd5 41. cxd5 Qxd5 42. Rd3 Qxd3+ 43. Bxd3 Rxd3 44. Qc4 Rd1+ 45. Kg2 Rd8 46. Qc7 Nf7 47. Qxb7 Kg8 48. Rc2 Nd6 49. Qe7 Kh7 50. Rc7 Nf5 51. Qxf6 Rhf8 52. Rf7 Rd2+ 53. Kf3 Rc8 54. Qg6+ Kh8 55. Rxf5 exf5 56. Qa6 Rcc2 57. Qb5 Rd8 58. a4 Rcd2 59. Ke3 R2d5 60. Qb7 a5 61. b4 Re5+ 62. Kf2 Re4 63. Qc7 Rd2+ 64. Kf3 Rd3+ 65. Kf2 Rd2+ 66. Kf3 Rd3+ 1/2-1/2

[Event "SWE-chT 0809"]
[Site "Sweden"]
[Date "2009.03.15"]
[Round "11"]
[White "Madebrink, Lars"]
[Black "Eksmyr, Johan"]
[Result "0-1"]
[WhiteElo "2270"]
[BlackElo "2156"]
[PlyCount "78"]
[EventDate "2008.10.25"]
[EventType "team-tourn"]
[EventRounds "11"]
[EventCountry "SWE"]
[SourceTitle "EXT 2011"]
[Source "ChessBase"]
[SourceDate "2010.11.26"]
[SourceVersion "1"]
[SourceVersionDate "2010.11.26"]
[SourceQuality "1"]

1. c4 e5 2. Nc3 Bb4 3. Qc2 Nc6 4. Nf3 a5 5. g3 Nge7 6. Bg2 d6 7. 0-0 Bf5 8. d3 Qd7 9. Nd5 Bc5 10. a3 Bg4 11. e3 f6 12. Bd2 Nxd5 13. cxd5 Ne7 14. b4 Bb6 15. Qc4 h5 16. Rfc1 axb4 17. axb4 Kf7 18. d4 Rxa1 19. Rxa1 Bxf3 20. Bxf3 Qf5 21. Bg2 exd4 22. e4 Qg4 23. h3 Qc8 24. Kh2 h4 25. g4 g5 26. f4 gxf4 27. Bxf4 Ng6 28. Rf1 Kg7 29. g5 fxg5 30. Bxg5 Rf8 31. Qe2 Rxf1 32. Bxf1 Qf8 33. Bg2 Qe8 34. Qg4 Qe5+ 35. Kh1 d3 36. Qd7+ Kg8 37. Qd8+ Nf8 38. Bf6 Qf4 39. Qe7 Qc1+ 0-1